00524nam a2200145 a 450000100100000000500170001000800410002704000250006810000330009324500490012626000450017530000360022095201050025699900170036100004415520201002045201.0140602s2010 dr ac 000 0 spa d aDO-SdBNPbspacBNPHU1 aNamis, Armando José95611610aNagua bajo las olas /cArmando José Namis. aSanto Domingo :bAmigo del Hogar,c2010. a432 p. :bil., retrs. ;c23 cm. 0010718PDaGRbGRcHDd2014-06-02iLF1l0o p44155-10r2020-06-25w2020-06-25yLFPDZNo se presta c43644d43644